Southville International School and Colleges
Your cart is empty.
  • Cart
  • Lists
    Public lists Eva Luna New books Lux_list list_1
    Your lists Log in to create your own lists
  • Log in to your account
  • Your cookies
  • Search history
Southville International School and Colleges
  • Advanced search
  • Recent comments
  • Most popular
  • Libraries

Log in to your account

Log in with GOOGLE


If you do not have an external account, but do have a local account, you can still log in:

  1. Home
  2. MARC view: The True tale of Johnny Appleseed /
Normal view MARC view ISBD view

The True tale of Johnny Appleseed / (Record no. 104320)

[ view plain ]
MARC details
000 -LEADER
fixed length control field 00798nam a2200193 a 4500
005 - DATE AND TIME OF LATEST TRANSACTION
control field 20140412111319.0
008 - FIXED-LENGTH DATA ELEMENTS--GENERAL INFORMATION
fixed length control field 000824s19uu xx 00 eng d
020 ## - INTERNATIONAL STANDARD BOOK NUMBER
International Standard Book Number 0-8234-1509-0
050 ## - LIBRARY OF CONGRESS CALL NUMBER
Classification number M 634.11
Item number H689 1997
100 ## - MAIN ENTRY--PERSONAL NAME
Personal name Hodges, Margaret
245 ## - TITLE STATEMENT
Title The True tale of Johnny Appleseed /
Statement of responsibility, etc by Margaret Hodges ; illustrated by Kimberly Bulcken Root.
260 ## - PUBLICATION, DISTRIBUTION, ETC. (IMPRINT)
Place of publication, distribution, etc New York :
Name of publisher, distributor, etc Holiday House,
Date of publication, distribution, etc 1997.
300 ## - PHYSICAL DESCRIPTION
Extent 1 v. (unp.) ; ill.
520 ## - SUMMARY, ETC.
Summary, etc Relates the story of the man who traveled west planting apple seeds to make the country a better place to live.
650 ## - SUBJECT ADDED ENTRY--TOPICAL TERM
Topical term or geographic name as entry element Appleseed, Johnny, 1774-1845-Juvenile literature
650 ## - SUBJECT ADDED ENTRY--TOPICAL TERM
Topical term or geographic name as entry element Apple growers-United States-Biography-Juvenile literature
650 ## - SUBJECT ADDED ENTRY--TOPICAL TERM
Topical term or geographic name as entry element Frontier and pioneer life-Middle West-Juvenile literature
Holdings
Withdrawn status Lost status Damaged status Use restrictions Home library Current library Shelving location Date acquired Source of acquisition Total Checkouts Full call number Barcode Date last seen Price effective from Koha item type
        Elizalde Library Elizalde Library Main Section 08/24/2000     M 634.11 H689 1997 E7355 04/12/2014 04/12/2014 Books

The True tale of Johnny Appleseed /

APA

Hodges M., . (1997). The True tale of Johnny Appleseed. New York: Holiday House.

Chicago

Hodges Margaret, . 1997. The True tale of Johnny Appleseed. New York: Holiday House.

Harvard

Hodges M., . (1997). The True tale of Johnny Appleseed. New York: Holiday House.

MLA

Hodges Margaret, . The True tale of Johnny Appleseed. New York: Holiday House. 1997.

  • Place hold
  • Print
  • Cite
  • Add to your cart (remove)
  • Save record
    BIBTEX Dublin Core MARCXML MARC (non-Unicode/MARC-8) MARC (Unicode/UTF-8) MARC (Unicode/UTF-8, Standard) MODS (XML) RIS
  • More searches
    Search for this title in:
    Other Libraries (WorldCat) Other Databases (Google Scholar) Online Stores (Bookfinder.com) Open Library (openlibrary.org)

Exporting to Dublin Core...

SOUTHVILLE LIBRARY

Southville International School and Colleges Library

1281 Tropical Ave. Cor. Luxembourg St., BF Homes International, Las Pinas City

Tel. No. 8256374 / 252358 Loc. 117/146

Powered by Koha